书目信息 |
| 题名: |
线性代数典型题分析解集
|
|
| 作者: | 徐仲 主编 | |
| 分册: | ||
| 出版信息: | 西安 西北工业大学出版社 1998.6 |
|
| 页数: | 192页 | |
| 开本: | 20cm | |
| 丛书名: | 工程数学提高丛书 | |
| 单 册: | ||
| 中图分类: | O151.2-44 | |
| 科图分类: | ||
| 主题词: | 代数 , 数论 , 组合数学 | |
| 电子资源: | ||
| ISBN: | 7-5612-1058-2 | |
| 000 | 00688nam0 2200241 45 | |
| 001 | 0012050811 | |
| 005 | 20031219104047.9 | |
| 010 | @a7-5612-1058-2@dCNY8.50 | |
| 100 | @a20001205d1998 km y0chiy0120 ea | |
| 101 | 0 | @achi |
| 105 | @a z 000yy | |
| 200 | 1 | @a线性代数典型题分析解集@AXian Xing Dai Shu Dian Xing Ti Fen Xi Jie Ji@f徐仲主编@FXu Zhong Zhu Bian |
| 210 | @a西安@c西北工业大学出版社@d1998.6 | |
| 215 | @a192页@d20cm | |
| 225 | @a工程数学提高丛书 | |
| 410 | @12001 @a工程数学提高丛书 | |
| 606 | 0 | @a代数 |
| 606 | 0 | @a数论 |
| 606 | 0 | @a组合数学 |
| 690 | @aO151.2-44@v1 | |
| 701 | 0 | @a徐仲@4主编 |
| 801 | @aCN@bTSTC@c20001205 | |
| 905 | @b293628-632@dO151.2-44@e120@f5 | |
| 线性代数典型题分析解集/徐仲主编.-西安:西北工业大学出版社,1998.6 |
| 192页;20cm.-(工程数学提高丛书) |
| ISBN 7-5612-1058-2:CNY8.50 |
| ● |
| 相关链接 |
|
|
|
|
正题名:线性代数典型题分析解集
索取号:O151.2-44/120
 
预约/预借
| 序号 | 登录号 | 条形码 | 馆藏地/架位号 | 状态 | 备注 |
| 1 | 0293628 | 002936283 | 第三借阅区/ [索取号:O151.2-44/120] | 在馆 | |
| 2 | 0293629 | 002936292 | 第三借阅区/ [索取号:O151.2-44/120] | 在馆 | |
| 3 | 0293630 | 002936309 | 第三借阅区/ [索取号:O151.2-44/120] | 在馆 | |
| 4 | 0293631 | 002936318 | 第三借阅区/ [索取号:O151.2-44/120] | 在馆 | |
| 5 | 0293632 | 002936327 | 第二样本阅览室/ [索取号:O151.2-44/120] | 在馆 |